000 00592nam a22002057a 4500
003 0
005 20251108085955.0
008 251108b xxu||||| |||| 00| 0 eng d
020 _a0-09-926994-5
050 _aPR 6054.O94
_b.D69 1998
100 _aDoyle, Richard,
_eauthor.
245 _aExecutive action /
_cRichard Doyle.
260 _aLondon :
_bArrow Books Limited,
_c1998.
300 _a506 pages ;
_c18 cm.
650 _aSuspense fiction.
650 _aTerrorism
_xFiction.
650 _aPolitical corruption
_xFiction.
650 _aIntelligence service
_xFiction.
942 _2lcc
_cBK
999 _c368523
_d368523